Cens de museus dels municipis de Barcelona : 1987 - 1995 / Daniel Solé i Lladós ... [et al.] 1987 - 1995 / Daniel Solé i Lladós ... [et al.]
ISBN:
84-7794-410-5
Descripción Física:
246 p. ; 21 cm
Otros Autores:
Solé i Lladós, Daniel
Materias:
Museus -- Barcelona (Província) -- Guies
MARC
| LEADER | 00000nam a2200000Ia 4500 | ||
|---|---|---|---|
| 001 | 11180 | ||
| 008 | 160829s1995 xx 000 0 cat d | ||
| 020 | |a 84-7794-410-5 | ||
| 080 | |a B-1-337 | ||
| 245 | |a Cens de museus dels municipis de Barcelona : |b 1987 - 1995 / Daniel Solé i Lladós ... [et al.] | ||
| 260 | |a Barcelona : |b Diputació de Barcelona. Servei de Cultura, |c 1995 | ||
| 300 | |a 246 p. ; |c 21 cm | ||
| 590 | |a A la contracoberta: Centre d'Estudis i Recursos Culturals. | ||
| 590 | |a Bibliografia | ||
| 650 | |a Museus |x Barcelona (Província) |x Guies |9 20512 | ||
| 700 | |a Solé i Lladós, Daniel |9 34083 | ||
| 710 | 1 | |a Barcelona (Catalunya : Província). |b Centre d'Estudis i Recursos Culturals |9 52487 | |
| 710 | 1 | |a Barcelona (Catalunya : Província). |b Servei de Cultura |9 54401 | |
| 901 | |a Arxiu | ||
| 942 | |n 1 | ||
| 952 | |0 0 |1 0 |4 0 |6 B1337 |7 1 |9 46380 |a Arxiu |b Arxiu |d 2016-12-01 |l 0 |o B-1-337 |p 11180 |r 2016-12-01 00:00:00 |w 2016-12-01 |y ARXIU | ||
| 999 | |c 50165 |d 50165 | ||